Detalles MARC
| 000 -CABECERA |
| campo de control de longitud fija |
03161ngm a2200733 i 4500 |
| 001 - NÚMERO DE CONTROL |
| campo de control |
991061509087906706 |
| 003 - IDENTIFICADOR DEL NÚMERO DE CONTROL |
| campo de control |
ES-BaIT |
| 005 - FECHA Y HORA DE LA ÚLTIMA TRANSACCIÓN |
| campo de control |
20251029113822.0 |
| 007 - CAMPO FIJO DE DESCRIPCIÓN FÍSICA--INFORMACIÓN GENERAL |
| campo de control de longitud fija |
vd asuu|k |
| 008 - DATOS DE LONGITUD FIJA--INFORMACIÓN GENERAL |
| campo de control de longitud fija |
251029p20212021xxk127 vleng c |
| 024 3# - IDENTIFICADOR DE OTROS ESTÁNDARES |
| Número estándar o código |
5060291820201 |
| 035 ## - NÚMERO DE CONTROL DEL SISTEMA |
| Número de control de sistema |
(OCoLC)1280061512 |
| 035 ## - NÚMERO DE CONTROL DEL SISTEMA |
| Número de control de sistema |
(OCoLC)on1280061512 |
| 040 ## - FUENTE DE LA CATALOGACIÓN |
| Centro catalogador/agencia de origen |
ES-BaIT |
| Lengua de catalogación |
cat |
| Normas de descripción |
rda |
| Centro/agencia transcriptor |
ES-BaIT |
| 041 ## - CÓDIGO DE LENGUA |
| Código de lengua de los subtítulos accesibles abiertos o cerrados |
eng |
| Código de lengua de audio accesible |
eng |
| 080 ## - NÚMERO DE LA CLASIFICACIÓN DECIMAL UNIVERSAL |
| Número de la Clasificación Decimal Universal |
793.5(086.8) |
| 130 ## - ENTRADA PRINCIPAL--TÍTULO UNIFORME |
| Título uniforme |
Røde sko (Coreografia : Bourne) |
| 9 (RLIN) |
167689 |
| 245 04 - MENCIÓN DE TÍTULO |
| Título |
The Red shoes / |
| Mención de responsabilidad, etc. |
An Illuminations/New Adventures Production for BBC ; in association with Thirteen Production LLC for WNet ; directed and choreographed by Matthew Bourne ; directed for the screen by Ross MacGibbon. |
| 246 1# - FORMA VARIANTE DE TÍTULO |
| Texto de visualización |
Precedeix el títol: |
| Título propio/Titulo breve |
Matthew Bourne's |
| 264 #1 - PRODUCCIÓN, PUBLICACIÓN, DISTRIBUCIÓN, FABRICACIÓN Y COPYRIGHT |
| Producción, publicación, distribución, fabricación y copyright |
United Kingdom : |
| Nombre del de productor, editor, distribuidor, fabricante |
Illuminations / New Adventures, |
| Fecha de producción, publicación, distribución, fabricación o copyright |
[2021] |
| 264 #4 - PRODUCCIÓN, PUBLICACIÓN, DISTRIBUCIÓN, FABRICACIÓN Y COPYRIGHT |
| Fecha de producción, publicación, distribución, fabricación o copyright |
©2021 |
| 300 ## - DESCRIPCIÓN FÍSICA |
| Extensión |
1 videodisc (aproximadament 127 min) : |
| Otras características físicas |
so, color ; |
| Dimensiones |
12 cm |
| 336 ## - TIPO DE CONTENIDO |
| Término de tipo de contenido |
imatge en moviment bidimensional |
| Código de tipo de contenido |
tdi |
| Fuente |
rdacontent |
| 337 ## - TIPO DE MEDIO |
| Nombre/término del tipo de medio |
vídeo |
| Código del tipo de medio |
v |
| Fuente |
rdamedia |
| 338 ## - TIPO DE SOPORTE |
| Nombre/término del tipo de soporte |
videodisc |
| Código del tipo de soporte |
vd |
| Fuente |
rdacarrier |
| 344 ## - CARACTERÍSTICAS DE SONIDO |
| Tipo de grabación |
digital |
| Fuente |
rdatr |
| 344 ## - CARACTERÍSTICAS DE SONIDO |
| Medio de grabación |
òptic |
| Fuente |
rdarm |
| 344 ## - CARACTERÍSTICAS DE SONIDO |
| Configuración de los canales de reproducción del sonido |
estèreo |
| Fuente |
rdacpc |
| 344 ## - CARACTERÍSTICAS DE SONIDO |
| Configuración de los canales de reproducción del sonido |
so envoltant |
| Fuente |
rdacpc |
| 344 ## - CARACTERÍSTICAS DE SONIDO |
| Características especiales de reproducción |
LCPM |
| 344 ## - CARACTERÍSTICAS DE SONIDO |
| Características especiales de reproducción |
Dolby digital 5.1 |
| 346 ## - CARACTERÍSTICAS DE VÍDEO |
| Estándar de emisión |
NTSC |
| 347 ## - CARACTERÍSTICAS DEL ARCHIVO DIGITAL |
| Tipo de archivo |
fitxer vídeo |
| 347 ## - CARACTERÍSTICAS DEL ARCHIVO DIGITAL |
| Formato de codificación |
Blu-ray |
| 347 ## - CARACTERÍSTICAS DEL ARCHIVO DIGITAL |
| Codificación regional |
totes les regions |
| 500 ## - NOTA GENERAL |
| Nota general |
Basat en la pel·lícula de Michael Powell i Emeric Pressburger i en el conte de Hans Christian Andersen |
| 500 ## - NOTA GENERAL |
| Nota general |
Extres: Com es va fer " The red shoes" |
| 508 ## - NOTA DE CRÉDITOS DE CREACIÓN O PRODUCCIÓN |
| Nota de créditos de creación o producción |
Escenografia i figurinistme: Lez Brotherston ; il·luminació: Paule Constable ; música Bernard Herrmann ; director d'orquestra: Brett Morris. |
| 511 1# - NOTA DE PARTICIPANTES O INTÉRPRETES |
| Nota de participantes o intérpretes |
Ashley Shaw, Adam Cooper, Dominic North, Liam Mower, Michela Meazza, Glenn Graham |
| 518 ## - NOTA DE FECHA/HORA Y LUGAR DE UN ACONTECIMIENTO |
| Nota de fecha/hora y lugar de un acontecimiento |
Enregistrat at Sadler's Wells el 2019. |
| 532 1# - NOTA DE ACCESIBILIDAD |
| Resumen de accesibilidad |
Subtítols en anglès només pels extres per persones sordes |
| 600 #0 - PUNTO DE ACCESO ADICIONAL DE MATERIA--NOMBRE DE PERSONA |
| Nombre de persona |
Andersen, H. C. |
| Forma completa/desarrollada del nombre |
(Hans Christian), |
| Fechas asociadas al nombre |
1805-1875 |
| Subdivisión general |
Adaptacions cinematogràfiques i de vídeo |
| 9 (RLIN) |
123656 |
| 650 #7 - PUNTO DE ACCESO ADICIONAL DE MATERIA--TÉRMINO DE MATERIA |
| Término de materia o nombre geográfico como elemento de entrada |
Dansa clàssica |
| Subdivisión general |
Coreografies |
| 9 (RLIN) |
56589 |
| 650 #0 - PUNTO DE ACCESO ADICIONAL DE MATERIA--TÉRMINO DE MATERIA |
| Término de materia o nombre geográfico como elemento de entrada |
Dansa filmada |
| 9 (RLIN) |
166159 |
| 700 1# - ENTRADA AGREGADA--NOMBRE PERSONAL |
| Nombre de persona |
Bourne, Matthew |
| Término indicativo de función/relación |
director d'escena, |
| -- |
coreògraf |
| 9 (RLIN) |
9477 |
| 700 1# - ENTRADA AGREGADA--NOMBRE PERSONAL |
| Nombre de persona |
MacGibbon, Ross |
| Término indicativo de función/relación |
director cinematogràfic |
| 9 (RLIN) |
30789 |
| 700 ## - ENTRADA AGREGADA--NOMBRE PERSONAL |
| Nombre de persona |
Herrmann, Bernard, |
| Fechas asociadas al nombre |
1911-1975 |
| Término indicativo de función/relación |
compositor |
| 9 (RLIN) |
127113 |
| 700 1# - ENTRADA AGREGADA--NOMBRE PERSONAL |
| Nombre de persona |
Shaw, Ashley |
| Término indicativo de función/relación |
ballarí |
| 9 (RLIN) |
167080 |
| 700 ## - ENTRADA AGREGADA--NOMBRE PERSONAL |
| Nombre de persona |
Cooper, Adam |
| Término indicativo de función/relación |
ballarí |
| 9 (RLIN) |
116446 |
| 700 1# - ENTRADA AGREGADA--NOMBRE PERSONAL |
| Nombre de persona |
North, Dominic, |
| Fechas asociadas al nombre |
1983- |
| Término indicativo de función/relación |
ballarí |
| 700 1# - ENTRADA AGREGADA--NOMBRE PERSONAL |
| Nombre de persona |
Meazza, Michela |
| Término indicativo de función/relación |
ballarí |
| 9 (RLIN) |
167082 |
| 700 1# - ENTRADA AGREGADA--NOMBRE PERSONAL |
| Nombre de persona |
Mower, Liam, |
| Fechas asociadas al nombre |
1992- |
| Término indicativo de función/relación |
ballarí |
| 9 (RLIN) |
167083 |
| 700 1# - ENTRADA AGREGADA--NOMBRE PERSONAL |
| Nombre de persona |
Graham, Glenn |
| Término indicativo de función/relación |
ballarí |
| 9 (RLIN) |
167690 |
| 700 ## - ENTRADA AGREGADA--NOMBRE PERSONAL |
| Nombre de persona |
Morris, Brett |
| Término indicativo de función/relación |
director d'orquestra |
| 9 (RLIN) |
128554 |
| 700 1# - ENTRADA AGREGADA--NOMBRE PERSONAL |
| Nombre de persona |
Brotherston, Lez |
| Término indicativo de función/relación |
dissenyador, |
| -- |
figurinista |
| 9 (RLIN) |
167090 |
| 700 1# - ENTRADA AGREGADA--NOMBRE PERSONAL |
| Nombre de persona |
Constable, Paule |
| Término indicativo de función/relación |
dissenyador |
| 9 (RLIN) |
167691 |
| 710 2# - ENTRADA AGREGADA--NOMBRE DE ENTIDAD CORPORATIVA |
| Nombre de entidad corporativa o nombre de jurisdicción como elemento de entrada |
Sadler's Wells Theatre (Londres, Anglaterra) |
| Término indicativo de función/relación |
productor. |
| 9 (RLIN) |
126789 |
| 710 2# - ENTRADA AGREGADA--NOMBRE DE ENTIDAD CORPORATIVA |
| Nombre de entidad corporativa o nombre de jurisdicción como elemento de entrada |
New Adventures (Londres, Anglaterra), |
| Término indicativo de función/relación |
companyia productora |
| 9 (RLIN) |
167097 |
| 710 2# - ENTRADA AGREGADA--NOMBRE DE ENTIDAD CORPORATIVA |
| Nombre de entidad corporativa o nombre de jurisdicción como elemento de entrada |
Illuminations Films |
| Término indicativo de función/relación |
companyia productora |
| 9 (RLIN) |
167692 |
| 740 0# - ENTRADA AGREGADA--TÍTULO RELACIONADO/ANALÍTICO NO CONTROLADO |
| Título relacionado o analítico no controlado |
Red shoes (Coreografia : Bourne) |
| 908 ## - COLOCAR PARÁMETRO DE COMANDO (RLIN) |
| Colocar parámetro de comando |
CDMAE |
| 940 ## - EQUIVALENCIA O REFERENCIA-CRUZADA--TÍTULO UNIFORME [OBSOLETO] [solamente CAN/MARC] |
| Título uniforme |
<a href="OCLC">OCLC</a> |
| 942 ## - ELEMENTOS DE ENTRADA AGREGADA (KOHA) |
| Fuente del sistema de clasificación o colocación |
Clasificación decimal universal |
| Tipo de ítem Koha |
Llibre |